Connaissez-vous la saga Star Wars ? #2 - Statistiques

Statistiques générales
  • Ce quiz a été pris 1 305 fois
  • Le résultat moyen est 15 sur 22
Statistiques - réponses
Question Réponse % Correct
Quel personnage possède un sabre violet ? Mace Windu
93%
Qui tua ce dernier ? Dark Maul
90%
Quel est le nom Sith de L'Empereur ? Dark Sidious
86%
Qui était le maître d'Obi-Wan ? Qui-Gon Jinn
86%
Comment s'appelle le droïde de Poe Dameron ? BB-8
84%
De quelle planète Padmé était-elle reine ? Naboo
83%
Quel protocole retourna les Clones de la République contre les Jedi ? Ordre 66
80%
Qui incarne ce personnage ? Samuel L. Jackson
72%
Comme s'appelle la planète de glaces, au début de "L'Empire contre attaque" ? Hoth
70%
Qui dirige la Cité des Nuages dans l'Empire contre attaque ? Lando Calrissian
70%
Quel type de droïde est C-3PO ? Droïde de protocole
69%
Sur quelle planète marécageuse Luke part-il trouver un maitre Jedi ? Dagobah
65%
Qui Han Solo tua t-il dans la cantina ? Greedo
62%
Quel est le prénom de la mère d'Anakin ? Shmi
62%
Dans quel matériau Han Solo fut-il congelé ? Carbonite
60%
Qui interprète Luke Skywalker dans la saga ? Mark Hamill
58%
Qui a écrit la bande originale des 9 films des trilogies ? John Williams
57%
Quelle planète fut détruite par l'Étoile de la Mort ? Alderaan
54%
Sur quelle planète se déroula la première bataille de la Guerre des Clones ? Geonosis
53%
De quelle espèce est Jar Jar Binks ? Gungan
52%
Et dans quel spatioport se situe cette cantina ? Mos Eisley
46%
Sur quelle planète Rey a-t-elle grandi ? Jakku
44%
Aucun quiz correspondant
Distribution des résultats
% des personnes avec chaque résultat
Percentile par nombre de réponses
Votre historique - résultats
Vous n’avez pas pris ce quiz